000 01084nam a22002777a 4500
003 PE SENCICO BE
005 20251020182712.0
008 250227b |||||||| |||| 00| 0 eng d
020 _a978-612-4146-55-8
040 _aPE SENCICO BE
_cPE SENCICO BE
041 _aspa
245 1 _aCyclist and cycling around the world :
_bcreating liveable & bikeable cities /
_cedited by Juan Carlos Dextre, Mike Hughes and Lotte Bech
250 _a1 ed.
260 _aLima :
_bPontificia Universidad Católica del Perú ;
_c2013
300 _a334 páginas :
_bilustraciones a color ;
_c26 cm.
505 0 _aCycle culture -- Liveable and bikeable cities -- Cycle infraestructure -- Safety for cyclists -- Bicycles -- Cycling policy -- Cycle advocacy and education
650 1 0 _92955
_aCiclismo
650 2 0 _92956
_aViajes alrededor del mundo
650 2 0 _92957
_aBicicletas
650 2 0 _92961
_aCaminos
700 1 _92958
_aDextre, Juan Carlos
_deditor
700 1 _92959
_aHugues, Mike
_eeditor
700 1 _92960
_aBech, Lotte
_eeditor
910 _ahfp
_bhfp
_chfp
942 _2ddc
_cLIB
999 _c5113
_d5113